00607 2200229 4500001002100000005001500021035002000036007000300056008004100059020002200100082001000122084001600132100002000148245005900168250001000227260003400237300003400271650002300305504002700328990001100355990001100366INLIS00000000000389120190805105226 a0010-0819000034ta190805 g 0 ind  a978-602-6421-05-0 a641.5 a641.5 REV d0 aREVA, Divantary1 a212 Menu Makanan Favorite dan Trendy /cReva Divantary acet.1 aJakarta :bPedar Kindy,c2016 axvi, 241 hlm :bilus ;c21 cm 4aMAKANAN. TATA BOGA aBibliografi.: hlm. 241 a5467 a a5467 b